Jak vymáhat pohledávky v obchodních vztazích?

Enregistré dans:
Détails bibliographiques
Auteur principal: Macek, Jiří
Autres auteurs: Tomsa, Miloš
Format: Livre
Langue:tchèque
Publié: Ostrava Montanex 1994
Édition:1. vyd.
Sujets:
Tags: Ajouter un tag
Pas de tags, Soyez le premier à ajouter un tag!

MARC

LEADER 00000nam a2200000 4500
001 c005996
005 20221214074427.6
020 |a 80-85780-15-1 
041 0 |a cze 
044 |a CZ 
245 1 0 |a Jak vymáhat pohledávky v obchodních vztazích?  |c Jiří Macek, Miloš Tomsa 
250 |a 1. vyd. 
264 1 |a Ostrava  |b Montanex  |c 1994 
300 |a 117 s. 
610 2 0 |a zmluvy obchodné 
610 2 0 |a podnikanie 
610 2 0 |a podmienky platobné 
610 2 0 |a vyrovnanie 
610 2 0 |a zmluvy kontraktačné 
610 2 0 |a právo hospodárske 
610 2 0 |a príručky 
610 2 0 |a konkurzy 
100 1 |a Macek, Jiří 
700 1 |a Tomsa, Miloš